00546nam a2200181Ia 4500003000900000008004100009040001300050040001300063041000800076245018600084250000900270260002500279260000900304300001100313300001000324490000600334710002400340IT-RoPAU120407s9999 xx 000 0 und d aIT-RoPAU cIT-RoPAU aita aAtti del Convegno “Vi porto nel cuore” a 25 anni dalla morte della Serva di Dio Maestra Tecla Merlo. 1964 - 5 febbraio - 1989. Rocca di Papa (Mondo Migliore), 2-5 febbraio 1989. aRoma aCasa Generalizia FSP c1989 a156 p. c29 cm v1 aFiglie di San Paolo